Guess the Fusion Rock Song Lyrics #50 - Statistics

General Stats
  • This quiz has been taken 13 times
  • The average score is 236 of 288
Answer Stats
Answer % Correct
a
100%
And
100%
and
100%
be
100%
can
100%
don't
100%
Don't
100%
for
100%
I
100%
in
100%
is
100%
it's
100%
love
100%
me
100%
not
100%
that
100%
the
100%
To
100%
to
100%
too
100%
we
100%
will
100%
you
100%
you're
100%
are
89%
have
89%
Hear
89%
hear
89%
how
89%
How
89%
If
89%
if
89%
know
89%
say
89%
see
89%
so
89%
tell
89%
Tell
89%
this
89%
we're
89%
why
89%
Why
89%
again
78%
anymore
78%
But
78%
Every
78%
made
78%
never
78%
only
78%
things
78%
want
78%
what's
78%
Yeah
78%
yeah
78%
baby
67%
Baby
67%
gone
67%
keep
67%
mine
67%
same
67%
Saying
67%
stay
67%
time
67%
true
67%
while
67%
clear
56%
come
56%
far
56%
forgettin
56%
hard
56%
live
56%
MIchael McDonald
56%
near
56%
real
56%
both
44%
smile
44%
through
44%
hello
33%
Hey
33%
lie
33%
anytime
22%
anyway
22%
Everytime
22%
game
22%
No matching quizzes found
Score Distribution
Percent of People with Each Score
Percentile by Number Answered
Your Score History
You have not taken this quiz